| 000 | 00856nam a2200229Ia 4500 | ||
|---|---|---|---|
| 001 | 9297 | ||
| 003 | GE_BSU | ||
| 008 | 181216s||||||||xx |||||||||||||| ||und|| | ||
| 040 | _cGE_BSU | ||
| 080 | _a821.353.1-32 | ||
| 100 | _aლორთქიფანიძე,კონსტანტინე | ||
| 245 | _aსიკვდილი ცოტას მოიცდის | ||
| 245 | _bუტყუარი მოთხრობები | ||
| 245 | _cრედ:ც.ჯაფარიძე;მხატვ:თ.სამსონაძე | ||
| 260 | _aთბილისი. | ||
| 260 | _bსაბჭ.საქართველო | ||
| 260 | _c1966 | ||
| 300 | _a95გვ;20სმ. | ||
| 653 | _aსიკვდილი ცოტას მოიცდის | ||
| 653 | _aუტყუარი მოთხრობები | ||
| 942 | _cBK | ||
| 999 |
_c42594 _d42594 |
||